LEADER 01024nam a2200229 u 4500 001 000000117277 003 CaOOAMICUS 005 20091007114850.0 008 091007s1942 fr u000 u fre u 040 $aPUL$bita$dMCT 100 1 $aKleinclausz, Arthur Jean,$d1869-$0(OLS)http://pul/name/21126 245 10$aEginhard /$cpar Arthur Kleinclausz. 260 $aParis :$bBelles Lettres,$c1942. 300 $a278 p. ;$c25 cm 490 1 $aAnnales de l'Université de Lyon.$aTroisième série, Lettres ;$vfascicule 12 650 4$aCarolingi$xPolitica$yMedioevo.$0(OLS)http://pul/subject/13909 830 0$aAnnales de l'Université de Lyon.$nTroisième série,$pLettres ;$vfascicule 12.$0(OLS)http://pul/title/35075 850 $aPUL 852 $aPUL$W1$xDP1 Cons. Gen., Altre Classi 1$y22$m481 B 3$j134545$qStampati$B133522$CPULBib$Z2$F133522 $H35763 $82 941 1 $a8 996 $6245$aEginhard$9(OLS)http://pul/title/147571 996 $6260$aParis :$bBelles Lettres$9(OLS)http://pul/publisher/48155 LEADER 01430nam a2200301 a 4500 001 000000171894 003 CaOOAMICUS 005 20190515135053.0 008 190515s2019 it oda 000 u ita r 020 $a978-88-921-1670-2* 032 $aLibriCat 040 $aPul$bita 245 00$aManuale delle investigazioni sulla scena del crimine : $bnorme, tecniche, scienze, logica /$ca cura di Donatella Curtotti e Luigi Saravo. 250 $aRistampa aggiornata 260 $aTorino :$bGiappichelli,$c©2019. 300 $aXXXIV, 1084 p. :$bfoto, grafici, disegni ;$c25 cm. 504 $aBibliografia in nota a piè pagina e in fine ai capitoli. 650 4$aIndagini di polizia giudiziaria.$0(OLS)http://pul/subject/45655 650 4$aCriminologia$vManuali, trattati, ecc.$0(OLS)http://pul/subject/33933 700 1 $aCurtotti, Donatella.$0(OLS)http://pul/name/110355 700 1 $aSaravo, Luigi.$0(OLS)http://pul/name/110356 850 $aPUL 852 $aPUL$W1$xSL Diritto e Scienze Sociali 3$y79$m363. 25 CURDO 1$j195745$qDDC 21$B200591$CPULBib$Z2$F200591 $H132700 $82 941 1 $a9 996 $6020$a978-88-921-1670-2*$9(OLS)http://pul/number/166061 996 $6245$aManuale delle investigazioni sulla scena del crimine : $bnorme, tecniche, scienze, logica$9(OLS)http://pul/title/212755 996 $6260$aTorino :$bGiappichelli$9(OLS)http://pul/publisher/48244